| 000 | 00620cam a22002051 4500 | ||
|---|---|---|---|
| 001 | sa 66008110 | ||
| 003 | DLC | ||
| 005 | 20260227112310.0 | ||
| 008 | 730521s1964 xx 000 0 eng | ||
| 010 | _asa 66008110 | ||
| 035 | _a(OCoLC)627127 | ||
| 040 |
_aDLC _cOClU _dDLC |
||
| 042 | _apremarc | ||
| 050 | 0 | 0 |
_aPR6013.H56 _bZ8 |
| 100 | 1 | _aSeetaraman, M. V. | |
| 245 | 1 | 0 |
_aStudies in Sri Aurobindo's dramatic poems, _cby M. V. Seetaraman. With a foreword by C. P. Ramaswami Aiyar. |
| 260 |
_aAnnamalainagar [Annamali] _bUniversity, _c1964. |
||
| 300 |
_avii,99p. _c25cm. |
||
| 600 | 1 | 0 |
_aGhose, Aurobindo, _d1872-1950 |
| 999 |
_c71654 _d71654 |
||